Physical activities for elementary school children / (Record no. 153112)

MARC details
000 -LEADER
fixed length control field 00654nam a22002177a 4500
005 - DATE AND TIME OF LATEST TRANSACTION
control field 20180626144617.0
008 - FIXED-LENGTH DATA ELEMENTS--GENERAL INFORMATION
fixed length control field 180626b xxu||||| |||| 00| 0 eng d
010 ## - LCCN (DPL NO)
LC control number B-094526
020 ## - INTERNATIONAL STANDARD BOOK NUMBER
International Standard Book Number 8175241591
Terms of availability 750.00
035 ## - SYSTEM CONTROL NUMBER
System control number B-094526
037 ## - SOURCE OF ACQUISITION
Source of stock number/acquisition BPPD/ PUB
040 ## - CATALOGING SOURCE
Original cataloging agency dpl
Language of cataloging Eng
082 ## - DEWEY DECIMAL CLASSIFICATION NUMBER
Classification number 796 JAI
100 ## - MAIN ENTRY--PERSONAL NAME
Personal name Jain,Deepak
245 ## - TITLE STATEMENT
Title Physical activities for elementary school children /
Statement of responsibility, etc by Deepak Jain
260 ## - PUBLICATION, DISTRIBUTION, ETC. (IMPRINT)
Place of publication, distribution, etc New Delhi
Name of publisher, distributor, etc khel sahitya kendra
Date of publication, distribution, etc 2003
270 ## - ADDRESS
Address 4264/3, Ansari Road, Darya Ganj
City New Delhi
Postal code 110002
300 ## - PHYSICAL DESCRIPTION
Extent 455p.
Dimensions 22cm (Hb)
Other physical details ill.
650 ## - SUBJECT ADDED ENTRY--TOPICAL TERM
9 (RLIN) 35248
942 ## - ADDED ENTRY ELEMENTS (KOHA)
Source of classification or shelving scheme Dewey Decimal Classification
Item type English Books
Call number suffix JAI
Classification part 796
Holdings
Withdrawn status Lost status Source of classification or shelving scheme Damaged status Not for loan Collection code Home library Current library Date acquired Source of acquisition Cost, normal purchase price Total Checkouts Full call number Date last seen Cost, replacement price Koha item type Barcode
    Dewey Decimal Classification     Non-fiction Shahdara Branch Shahdara Branch 26/06/2018 BPPD/PUB 750.00   796 JAI 26/06/2018 750.00 English Books  
    Dewey Decimal Classification     Non-fiction Shahdara Branch Shahdara Branch 26/06/2018 BPPD/PUB 750.00   796 JAI 26/06/2018 750.00 English Books B-094526

© Delhi Public Library
Hit Counter
free hit counter